000 00380nam a2200133Ia 4500
008 151001s9999||||xx |||||||||||||| ||und||
100 _aकर्तार सिंह दुग्गल
245 _aमिट्टी मुसलमान की
250 _a1
260 _bइंद्रप्रस्थ
260 _c2006
300 _a135
365 _b21
999 _c988047
_d988044